Southville International School and Colleges

Brown girls / (Record no. 368271)

000 -LEADER
fixed length control field 00992nam a22002537a 4500
003 - CONTROL NUMBER IDENTIFIER
control field 0
005 - DATE AND TIME OF LATEST TRANSACTION
control field 20251018102159.0
008 - FIXED-LENGTH DATA ELEMENTS--GENERAL INFORMATION
fixed length control field 251018b xxu||||| |||| 00| 0 eng d
020 ## - INTERNATIONAL STANDARD BOOK NUMBER
International Standard Book Number 978-0-593-24344-2
050 ## - LIBRARY OF CONGRESS CALL NUMBER
Classification number PS 3601
Item number .A53 2022
100 ## - MAIN ENTRY--PERSONAL NAME
Personal name Andreades, Daphne Palasi,
Relator term author.
245 ## - TITLE STATEMENT
Title Brown girls /
Statement of responsibility, etc Daphne Palasi Andreades.
250 ## - EDITION STATEMENT
Edition statement Random House Trade Paperback edition.
260 ## - PUBLICATION, DISTRIBUTION, ETC. (IMPRINT)
Place of publication, distribution, etc New York :
Name of publisher, distributor, etc Random House,
Date of publication, distribution, etc 2022.
300 ## - PHYSICAL DESCRIPTION
Extent 235 pages ;
Dimensions 21 cm.
500 ## - GENERAL NOTE
General note Originally published in hardcover by Random House in 2022.
520 ## - SUMMARY, ETC.
Summary, etc A coming-of-age novel that follows a group of young women of color growing up in Queens, New York, as they navigate identity, community, and belonging.
650 ## - SUBJECT ADDED ENTRY--TOPICAL TERM
Topical term or geographic name as entry element Young women
Form subdivision Fiction.
650 ## - SUBJECT ADDED ENTRY--TOPICAL TERM
Topical term or geographic name as entry element Women
Geographic subdivision New York (State)
-- Queens
Form subdivision Fiction.
650 ## - SUBJECT ADDED ENTRY--TOPICAL TERM
Topical term or geographic name as entry element Immigrants
Geographic subdivision New York (State)
-- Queens
Form subdivision Fiction.
650 ## - SUBJECT ADDED ENTRY--TOPICAL TERM
Topical term or geographic name as entry element Identity (Psychology)
Form subdivision Fiction.
650 ## - SUBJECT ADDED ENTRY--TOPICAL TERM
Topical term or geographic name as entry element Queens (New York, N.Y.)
Form subdivision Fiction.
942 ## - ADDED ENTRY ELEMENTS (KOHA)
Source of classification or shelving scheme
Koha item type Books
Holdings
Source of acquisition Current Location Sub Shelving location Full call number Date acquired Koha item type Lost status Damaged status Source of classification or shelving scheme Date last seen Barcode Shelving location Withdrawn status Price effective from Permanent Location
Library FundLuxembourg Library PS 3601 .A53 20222024-11-19Books   2025-10-1821448Fiction Section 2025-10-18Luxembourg Library
Powered by Koha